Euroopan talviurheilukeskukset 2 - Statistics

Yleistilastot
  • Tätä visaa on pelattu 41 kertaa
  • Keskiarvotulos 9 / 10
Vastaustilastot
% Oikein
Östersund Ruotsi
97%
Beitostølen Norja
94%
Oberhof Saksa
94%
Anterselva Italia
91%
Hochfilzen Itävalta
89%
Le Grand-Bornand Ranska
89%
Ruhpolding Saksa
86%
Pokljuka Slovenia
86%
Ufa Venäjä
77%
Ostrov Venäjä
66%
Ehtoja vastaavia visoja ei löytynyt
Tulosjakauma
Jokaisen tuloksen saaneiden osuus
Persentiili vastausten määrän mukaan
Tuloshistoriasi
Et ole pelannut tätä visaa